00509nam a22001697a 450000500170000001000150001702000260003203500140005803700090007208200180008110000220009924500720012126000530019327000490024630000220029570000220031720250321115228.0 aENG-144179 a9789382710073c300.00 aEN-127711 bDBAD a363.348095452 aPalit Chittabrata aNatural calamities in colonial bengal/cEdited by Chittabrata Palit aKolkata bInstitute of historical studies c2019 bKolkata a8/1, Loudon street kolkatae700017 a119p.b21.7cm(hb) aPalit,chittabrata